Statistiques concernant Royaumes de fictions

Cliquez ici pour prendre le quiz!

Statistiques générales

  • Ce quiz a été pris 56 fois
  • Le résultat moyen est 13 sur 50

Statistiques - réponses

RoyaumeUnivers% Correct
GondorLe Seigneur des anneaux
85%
Royaume ChampignonMario
79%
Royaume de BabarBabar
75%
AgrabahAladdin
71%
HyruleThe Legend of Zelda
65%
AsgardMarvel
60%
Fort Fort LointainShrek
60%
ArendelleLa Reine des Neiges
56%
AtlantideAtlantide, l'empire perdu
48%
Royaume des 7 couronnesGame of Thrones
48%
Terre des LionsLe Roi Lion
46%
DressrosaOne Piece
46%
Royaume BananeDonkey Kong
42%
Royaume de KalosPokémon
42%
CarmélideLa légende du Roi Arthur/Kaamelott
33%
TroieL'Iliade
33%
BordecielThe Elder Scrolls
33%
AtlantisAquaman
29%
TelmarLe Monde de Narnia
29%
Vallée du VentNausicaa de la Vallée du Vent
27%
FioreFairy Tail
25%
NilfgaardThe Witcher
25%
Royaume d'EnmaDragon Ball Z
23%
AtlanticaLa petite sirène
21%
LionesSeven Deadly Sins
21%
Royaume de la terreAvatar:Le dernier maître de l'air
17%
RawhajpoutalahLes Aventures de Tintin
17%
TerremerLes Contes de Terremer
17%
Forêt EnchantéeOnce upon a time
15%
Royaume SadidaWakfu
15%
ParadisL'Attaque des Titans
10%
TerabithiaLe Secret de Terabithia
10%
ThemysciraWonder Woman
10%
RosasWish: Asha et la bonne étoile
8%
KyratFar Cry
6%
La LandeLa Belle au Bois Dormant
6%
EnfersPercy Jackson
6%
Royaumes du dragonSpyro
6%
Royaume des ombresYu-Gi-Oh!
6%
ValoedFinal Fantasy
4%
Peuple du magmaGormiti
4%
TytoLes Gardiens de Ga'Hoole
2%
Cour de l'AutomneUn palais d'épines et de roses
2%
KadaveriaDragon Quest
0%
FenarinarsaGigi
0%
Royaume de la lumièreKingdom Hearts
0%
Tribu des CrocodilesLego Legends of Chima
0%
BrobdingnagLes Voyages de Gulliver
0%
Silver MilleniumSailor Moon
0%
PrydainTaram et le Chaudron Magique
0%

Distribution des résultats

Percentile par nombre de réponses

% des personnes avec chaque résultat

Votre développement - résultats

Vous n’avez pas pris ce quiz